Southville International School and Colleges
Your cart is empty.
  • Cart
  • Lists
    Public lists Eva Luna New books Lux_list list_1
    Your lists Log in to create your own lists
  • Log in to your account
  • Your cookies
  • Search history
Southville International School and Colleges
  • Advanced search
  • Recent comments
  • Most popular
  • Libraries

Log in to your account

Log in with GOOGLE


If you do not have an external account, but do have a local account, you can still log in:

  1. Home
  2. MARC view: Inclusion strategies that work! :
Normal view MARC view ISBD view

Inclusion strategies that work! : (Record no. 288951)

[ view plain ]
MARC details
000 -LEADER
fixed length control field 01013cam a2200301 i 4500
001 - CONTROL NUMBER
control field 18449462
003 - CONTROL NUMBER IDENTIFIER
control field PILC
005 - DATE AND TIME OF LATEST TRANSACTION
control field 20160621151436.0
008 - FIXED-LENGTH DATA ELEMENTS--GENERAL INFORMATION
fixed length control field 150115s2015 cau b 001 0 eng
010 ## - LIBRARY OF CONGRESS CONTROL NUMBER
LC control number 2014046552
020 ## - INTERNATIONAL STANDARD BOOK NUMBER
International Standard Book Number 9781483319902 (pbk. : alk. paper)
040 ## - CATALOGING SOURCE
Original cataloging agency DLC
Language of cataloging eng
Transcribing agency DLC
Description conventions rda
Modifying agency DLC
042 ## - AUTHENTICATION CODE
Authentication code pcc
043 ## - GEOGRAPHIC AREA CODE
Geographic area code n-us---
050 00 - LIBRARY OF CONGRESS CALL NUMBER
Classification number LC 1201
Item number .K369 2015
082 00 - DEWEY DECIMAL CLASSIFICATION NUMBER
Classification number 371.9/046
100 1# - MAIN ENTRY--PERSONAL NAME
Personal name Karten, Toby J.
245 10 - TITLE STATEMENT
Title Inclusion strategies that work! :
Remainder of title research-based methods for the classroom /
Statement of responsibility, etc Toby J. Karten.
250 ## - EDITION STATEMENT
Edition statement 3rd Edition.
260 ## - PUBLICATION, DISTRIBUTION, ETC. (IMPRINT)
Place of publication, distribution, etc CA :
Name of publisher, distributor, etc Corwin,
Date of publication, distribution, etc 2015.
300 ## - PHYSICAL DESCRIPTION
Extent xix, 426 pages ;
Dimensions 28 cm
500 ## - GENERAL NOTE
General note Includes bibliographical references and index.
650 #0 - SUBJECT ADDED ENTRY--TOPICAL TERM
Topical term or geographic name as entry element Inclusive education
Geographic subdivision United States.
650 #0 - SUBJECT ADDED ENTRY--TOPICAL TERM
Topical term or geographic name as entry element Teenagers
General subdivision Education
Geographic subdivision United States.
906 ## - LOCAL DATA ELEMENT F, LDF (RLIN)
a 7
b cbc
c orignew
d 1
e ecip
f 20
g y-gencatlg
942 ## - ADDED ENTRY ELEMENTS (KOHA)
Source of classification or shelving scheme Library of Congress Classification
Koha item type Books
Holdings
Withdrawn status Lost status Source of classification or shelving scheme Damaged status Home library Current library Shelving location Date acquired Source of acquisition Total Checkouts Full call number Barcode Date last seen Price effective from Koha item type Sub Shelving location
    Library of Congress Classification   College Library College Library Reserve Section 11/06/2015 Library Fund   LC 1201 .K369 2015 C20278 05/15/2018 11/06/2015 Books  
    Library of Congress Classification   Luxembourg Library Luxembourg Library Teachers Reference Section 06/21/2016 Library Fund   LC 1201 .K369 2015 20207 06/21/2016 06/21/2016 Books  

Inclusion strategies that work! :

APA

Karten T. J., . (2015). Inclusion strategies that work!. CA: Corwin.

Chicago

Karten Toby J, . 2015. Inclusion strategies that work!. CA: Corwin.

Harvard

Karten T. J., . (2015). Inclusion strategies that work!. CA: Corwin.

MLA

Karten Toby J, . Inclusion strategies that work!. CA: Corwin. 2015.

  • Place hold
  • Print
  • Cite
  • Add to your cart (remove)
  • Save record
    BIBTEX Dublin Core MARCXML MARC (non-Unicode/MARC-8) MARC (Unicode/UTF-8) MARC (Unicode/UTF-8, Standard) MODS (XML) RIS
  • More searches
    Search for this title in:
    Other Libraries (WorldCat) Other Databases (Google Scholar) Online Stores (Bookfinder.com) Open Library (openlibrary.org)

Exporting to Dublin Core...

SOUTHVILLE LIBRARY

Southville International School and Colleges Library

1281 Tropical Ave. Cor. Luxembourg St., BF Homes International, Las Pinas City

Tel. No. 8256374 / 252358 Loc. 117/146

Powered by Koha